"Η ευγενής μας τύφλωσις..." : εξωτερική πολιτική και "εθνικά θέματα" από την ήττα του 1897 έως τη Μικρασιατική Καταστροφή
Αποθηκεύτηκε σε:
| Κύριος συγγραφέας: | |
|---|---|
| Μορφή: | Βιβλίο |
| Γλώσσα: | Greek |
| Δημοσίευση: |
Αθήνα :
Βιβλιόραμα,
1999.
Αθήνα : 1999-2003. |
| Θέματα: | |
| Ετικέτες: |
Προσθήκη ετικέτας
Δεν υπάρχουν, Καταχωρήστε ετικέτα πρώτοι!
|
MARC
| LEADER | 00000cam a2200000 i 4500 | ||
|---|---|---|---|
| 001 | 1/91242 | ||
| 008 | 991014s1999####gr | ||| |||| ||gre|| | ||
| 020 | |a 9608629683 | ||
| 035 | |l 10053497 | ||
| 035 | |l 10079565 | ||
| 040 | |a GR-MY-UA |b gre |e aacr | ||
| 041 | 0 | |a gre | |
| 082 | 0 | |a 938.7 | |
| 100 | 1 | |a Γιανουλόπουλος, Γιάννης Ν. | |
| 245 | 1 | 2 | |a "Η ευγενής μας τύφλωσις..." : |b εξωτερική πολιτική και "εθνικά θέματα" από την ήττα του 1897 έως τη Μικρασιατική Καταστροφή / |c Γιάννης Ν. Γιαννουλόπουλος. |
| 260 | |a Αθήνα : |b Βιβλιόραμα, |c 1999. | ||
| 260 | |a Αθήνα : |b Βιβλιόραμα, |c 1999-2003. | ||
| 300 | |a 382 σ. ; |c 21 εκ. | ||
| 504 | |a Βιβλιογραφία : σ. 319-331. Ευρετήριο. | ||
| 651 | 0 | |a Greece |x Foreign relations |y 1863-1917. | |
| 651 | 0 | |a Greece |x Foreign relations |y 1821-1862. | |
| 651 | 0 | |a Greece |x History |y 1821- | |
| 651 | 0 | |a Greece |x History. | |
| 852 | |a INST |b LESVOS |e 19991014 |h 938.7 ΓΙΑ |p 005100019046 |q 005100019046 |t BK |y 0 | ||
| 852 | |a INST |b LESVOS |e 20050801 |h 938.7 ΓΙΑ |p 005100031730 |q 005100031730 |t BK |y 0 | ||
| 852 | |a INST |b LESVOS |e 20180612 |h 938.7 ΓΙΑ |p 005100060459 |q 005100060459 |t BK |y 0 | ||
| 852 | |a INST |b RHODES |e 20000904 |h 938.7 ΓΙΑ |p 005400017630 |q 005400017630 |t BK |y 0 | ||
| 901 | |a BIBL1-1999-3 | ||
| 901 | |a BIBL4-2000-3 | ||
| 901 | |a BIBL1-2005-2 | ||
| 920 | |a ΕΠΕΑΕΚ ΚΟΙΝΩΝΙΚΗΣ ΑΝΘΡΩΠΟΛΟΓΙΑΣ ΚΑΙ ΙΣΤΟΡΙΑΣ |y Λέσβος |z 2004-12 | ||
| 922 | |a 4ΕΛΗ |b 200007 |c ΚΠΣ/ΔΕ | ||
| 970 | |a ΜΟΥΣΤΑΚΑ |b ΠΗΝΕΛΟΠΗ |z 1999/10/14 | ||